00357 2200121 4500001002100000005001500021035002400036090002100060245006800081260003800149300003300187990001500220YOGYA00000000001529720140822183803 0010-081400000015015 aT 730.959843 Akh aSeni pahat patung dan topeng hudoq daerah kaltimcAkhmad, Usman aSamarindabDepdikbud Kaltimc1994 aviii, 44 hlm.bilus.c21 cm. a26236-A/97